000 00511nam a2200109Ia 4500
008 221009s9999 xx 000 0 und d
082 _a001
100 _aमनोहर पाण्‍डे
_917272
245 0 _aवस्‍तुनिष्‍ठ सामान्‍य ज्ञान अघ्‍यायवार 6250 प्रश्‍नों का अदितीय संग्रह
260 _bअरिहन्‍त पब्लिकेशन्‍स लिमिटेड
942 _cBK
999 _c65129
_d65129